Emissions of air pollutants in the UK, 1970 to 2010 (Record no. 113041)
[ view plain ]
| 000 -LEADER | |
|---|---|
| fixed length control field | 01053cad a22002055a 4500 |
| 001 - CONTROL NUMBER | |
| control field | L154568 |
| 008 - FIXED-LENGTH DATA ELEMENTS--GENERAL INFORMATION | |
| fixed length control field | 111222s2011 xxk f 000 0 eng d |
| 035 ## - SYSTEM CONTROL NUMBER | |
| System control number | (Sirsi) u154568 |
| 041 0# - LANGUAGE CODE | |
| Language code of text/sound track or separate title | eng |
| 110 2# - MAIN ENTRY--CORPORATE NAME | |
| Corporate name or jurisdiction name as entry element | United Kingdom |
| Subordinate unit | Department for Environment, Food and Rural Affairs |
| 245 00 - TITLE STATEMENT | |
| Title | Emissions of air pollutants in the UK, 1970 to 2010 |
| Medium | [electronic resource] |
| 260 ## - PUBLICATION, DISTRIBUTION, ETC. | |
| Date of publication, distribution, etc. | 2011 |
| 490 #0 - SERIES STATEMENT | |
| Series statement | Department for Communities and Local Government Statistical Release |
| 520 ## - SUMMARY, ETC. | |
| Summary, etc. | National statistics on emission of air pollutants in the UK. These show the UK has met current international targets to reduce total emissions by 2010 of four air pollutants, ammonia, sulphur dioxide, volatile organic compounds and nitrogen oxides. |
| 590 ## - LOCAL NOTE (RLIN) | |
| Local note | KA |
| 651 #4 - SUBJECT ADDED ENTRY--GEOGRAPHIC NAME | |
| Geographic name | United Kingdom |
| 690 ## - LOCAL SUBJECT ADDED ENTRY--TOPICAL TERM (OCLC, RLIN) | |
| Topical term or geographic name as entry element | ENVIRONMENTAL AND LAND CONSULTANCY-ENVIRONMENTAL MANAGEMENT |
| 856 40 - ELECTRONIC LOCATION AND ACCESS | |
| Uniform Resource Identifier | <a href="https://www.defra.gov.uk/statistics/files/Statistical-Release-Emissions-of-air-pollutants-in-the-UK-1970-2010-UK.pdf">https://www.defra.gov.uk/statistics/files/Statistical-Release-Emissions-of-air-pollutants-in-the-UK-1970-2010-UK.pdf</a> |
| Public note | View the item free of charge at www.defra.gov.uk |
| 942 ## - ADDED ENTRY ELEMENTS (KOHA) | |
| Suppress in OPAC | 0 |
| Withdrawn status | Lost status | Source of classification or shelving scheme | Damaged status | Not for loan | Home library | Current library | Shelving location | Date acquired | Total Checkouts | Full call number | Barcode | Date last seen | Copy number | Price effective from | Koha item type |
|---|---|---|---|---|---|---|---|---|---|---|---|---|---|---|---|
| Dewey Decimal Classification | Virtual | Virtual | Online | 22/12/2011 | ONLINE PUBLICATION | 154568-2001 | 06/08/2019 | 1 | 06/08/2019 | Book |